000 00448nam a2200181Ia 4500
001 14098
005 20260306164849.0
008 260306t2008||||xx |||||||||||||| ||spa||
041 _aESP
082 _a006.42
_bS765 2008
100 _aSonka, Milan
_eAUT
245 0 _aImage processing, analysis, and machine vision
260 _c2008
300 _axxv, 829 páginas :
_c24 cm.
650 _aGEN
654 _aCCC
942 _cLIB
_dJUS
_fJUS
_2ddc
_n
999 _c14098
_d14098